Normal view MARC view
  • MS-COMPUTER ENGINEERING-2017

Entry Topical Term

Number of records used in: 1

001 - CONTROL NUMBER

  • control field: 85338

003 - CONTROL NUMBER IDENTIFIER

  • control field: NUST

005 - DATE AND TIME OF LATEST TRANSACTION

  • control field: 20211130165347.0

008 - FIXED-LENGTH DATA ELEMENTS

  • fixed length control field: 211130|| aca||aabn | a|a d

040 ## - CATALOGING SOURCE

  • Original cataloging agency: NUST
  • Transcribing agency: NUST

150 ## - HEADING--TOPICAL TERM

  • Topical term or geographic name entry element: MS-COMPUTER ENGINEERING-2017

670 ## - SOURCE DATA FOUND

  • Source citation: Work cat.: (NUST): Wajiha Rahim Khan 85336, TH-SOF-1749-Automated Target Detection in Aerial Images using Convolutions Neural Networks (CNN), 2020
© 2023 Central Library, National University of Sciences and Technology. All Rights Reserved.